The works of Thomas Carlyle (Critical and Miscellaneous Essays)

Una de las colecciones de obras Carlyle más conocidas que tiene por su estilo de prosa gráfica y original que presenta. En ella trabaja ensayos con temas más relacionados a la crítica literaria, biografía, historia y crítica social.

Guardado en:
Bibliografiske detaljer
Hovedforfatter: Carlyle, Thomas
Format: Bog
Sprog:Undetermined
Udgivet: New York, Estados Unidos John B. Alden 1885
Fag:
Tags: Tilføj Tag
Ingen Tags, Vær først til at tagge denne postø!

MARC

LEADER 00000nam a2200000Ia 4500
008 170316s9999 xx 000 0 und d
040 |a cru BVZT 
090 |a 820 C-3w 
100 |a Carlyle, Thomas 
245 4 |a The works of Thomas Carlyle (Critical and Miscellaneous Essays) 
260 |a New York, Estados Unidos 
260 |b John B. Alden 
260 |c 1885 
300 |a 169 páginas 
520 |a Una de las colecciones de obras Carlyle más conocidas que tiene por su estilo de prosa gráfica y original que presenta. En ella trabaja ensayos con temas más relacionados a la crítica literaria, biografía, historia y crítica social. 
650 |a LITERATURA INGLESA  |9 12 
999 |c 6795  |d 6795 
942 |c 15 D  |h 820 C-3w  |2 z